All Top Flight Scottish Football Teams Ever - Statistics

General Stats
  • This quiz has been taken 124 times
  • The average score is 27 of 46
Answer Stats
Answer % Correct
Celtic
99%
Aberdeen
98%
Rangers
98%
Dundee
95%
Heart of Midlothian
94%
Hibernian
94%
Dundee United
93%
Inverness Caledonian Thistle
90%
Kilmarnock
88%
St Mirren
86%
Motherwell
84%
St Johnstone
83%
Falkirk
78%
Partick Thistle
77%
Ayr United
76%
Dunfermline Athletic
76%
Hamilton Academical
75%
Livingston
72%
Ross County
72%
Queen of the South
70%
Queen's Park
68%
Alloa Athletic
66%
East Fife
65%
Raith Rovers
65%
Dumbarton
64%
Stirling Albion
64%
Clyde
63%
Greenock Morton
60%
Arbroath
59%
Airdrieonians
57%
Cowdenbeath
53%
Gretna
51%
Albion Rovers
49%
East Stirlingshire
46%
Third Lanark
40%
Clydebank
38%
Clydebank (1914)
38%
Vale of Leven
18%
Abercorn
15%
Renton
15%
St Bernard's
15%
Leith Athletic
13%
Bo'ness
8%
Cambuslang
8%
Cowlairs
7%
Port Glasgow Athletic
5%
No matching quizzes found
Score Distribution
Percent of People with Each Score
Percentile by Number Answered
Your Score History
You have not taken this quiz